Becoming an effective therapist / (Record no. 1374)

MARC details
000 -LEADER
fixed length control field 00920cam a22003254a 4500
005 - DATE AND TIME OF LATEST TRANSACTION
control field 20260322212057.0
008 - FIXED-LENGTH DATA ELEMENTS--GENERAL INFORMATION
fixed length control field data
010 ## - LIBRARY OF CONGRESS CONTROL NUMBER
LC control number 2003041655
020 ## - INTERNATIONAL STANDARD BOOK NUMBER
International Standard Book Number 9780205322077
020 ## - INTERNATIONAL STANDARD BOOK NUMBER
International Standard Book Number 0205322077
040 ## - CATALOGING SOURCE
Original cataloging agency DLC
Transcribing agency DLC
041 09 - LANGUAGE CODE
Language code of text/sound track or separate title eng
042 ## - AUTHENTICATION CODE
Authentication code nlmcopyc
-- nlmcopyc
044 ## - COUNTRY OF PUBLISHING/PRODUCING ENTITY CODE
-- United States
049 ## - LOCAL HOLDINGS (OCLC)
Holding library NLMM
050 00 - LIBRARY OF CONGRESS CALL NUMBER
Classification number RA971
Item number .S72 2003
060 10 - NATIONAL LIBRARY OF MEDICINE CALL NUMBER
Classification number WM 420
Item number S751b 2003
082 00 - DEWEY DECIMAL CLASSIFICATION NUMBER
Classification number 362.1/068/3
Edition information 21
001 - CONTROL NUMBER
control field data
100 1# - MAIN ENTRY--PERSONAL NAME
Personal name Sperry, Len.
245 10 - TITLE STATEMENT
Title Becoming an effective therapist /
Statement of responsibility, etc. Len Sperry, Jon Carlson & Diane Kjos.
260 ## - PUBLICATION, DISTRIBUTION, ETC.
Place of publication, distribution, etc. Boston, Mass. :
Name of publisher, distributor, etc. Allyn and Bacon Permissions Dept.,
Date of publication, distribution, etc. c2003.
300 ## - PHYSICAL DESCRIPTION
Extent ix, 213 p.
504 ## - BIBLIOGRAPHY, ETC. NOTE
Bibliography, etc. note Includes bibliographical references and index.
650 12 - SUBJECT ADDED ENTRY--TOPICAL TERM
Topical term or geographic name entry element Psychotherapy
General subdivision methods
650 22 - SUBJECT ADDED ENTRY--TOPICAL TERM
Topical term or geographic name entry element Psychotherapy
General subdivision organization & administration
650 22 - SUBJECT ADDED ENTRY--TOPICAL TERM
Topical term or geographic name entry element Physician-Patient Relations
700 1# - ADDED ENTRY--PERSONAL NAME
Personal name Carlson, Jon.
700 1# - ADDED ENTRY--PERSONAL NAME
Personal name Kjos, Diane.
Holdings
Withdrawn status Lost status Damaged status Not for loan Home library Current library Shelving location Date acquired Total checkouts Full call number Barcode Date last seen Price effective from Koha item type
        Riverside Riverside General stacks 22/03/2026   362.1/068/3 21 BC0011420 22/03/2026 22/03/2026 Books